NBA Preguntas - Estadísticas

Estadísticas generales
  • Esta prueba ha sido intentada 204 veces
  • La puntuación promedio es 9 de 15
Estadísticas de respuestas
Hint Respuesta % Correcto
Jugador con más triples anotados Stephen Curry
99%
Jugador más veces seleccionado para el All-Star LeBron James
95%
Jugador con más triples dobles Russell Westbrook
85%
MVP más joven Derrick Rose
78%
En que equipo se transformaron los Seattle SuperSonics Oklahoma City Thunder
77%
Actual máximo anotador 25-26 Luka Dončić
71%
Nacionalidad Kristaps Porziņģis Letonia
68%
El jugador con más premios MVP Kareem Abdul-Jabbar
66%
Equipo campeón temporada 1990 Detroit Pistons
65%
Jugador con cuádruple doble Nate Thurmond | Alvin Robertson | Hakeem Olajuwon | David Robinson
62%
Jugador apodado "The Answer" Allen Iverson
57%
El entrenador de la NBA con más anillos Phil Jackson
50%
Segundo Máximo taponador de la historia Dikembe Mutombo
31%
Jugador con más partidos jugados en la NBA Robert Parish
22%
Ganador del primer anillo de la NBA Philadelphia Warriors
5%
No se encontraron pruebas coincidentes
Distribución de puntuación
Porcentaje de gente con cada puntuación
Porcentaje por número respondido
Historial de tus puntuaciones
No has intentado esta prueba.